Prueba de Ortografía - Estadísticas

Estadísticas generales
  • Esta prueba ha sido intentada 3.692 veces
  • La puntuación promedio es 10 de 15
Estadísticas de respuestas
Pregunta Respuesta % Correcto
¿Y cuál es la correcta aquí? Ahí había dejado las hortalizas.
93%
¿Cuál es la correcta? ¿Por qué no me llamas?
91%
¿Cuál está bien escrita? Tomates, zanahorias, remolachas y lechugas.
85%
¡Mira atentamente las alternativas! Tuve que haberte dicho.
83%
¿Cuál oración está escrita correctamente? Me voy a ir yendo.
79%
¿Cuál de estas preguntas está escrita correctamente? ¿Cómo has estado?
77%
Y para terminar, ¿Cuál oración está bien escrita? Ayer echaron a Juan del trabajo.
76%
¿Cuál de estas oraciones está bien escrita? No sé si a ella le agradará.
76%
Elige la opción correcta. O sea, a ver, puede que tengas razón.
75%
¿Cuál de estos está bien escrito? Así ha de ser.
73%
¿Cuál de las siguientes oraciones es correcta? Él tiene el computador.
56%
¿Cuál de estas es correcta? A mí me gustan los hombres con fe.
50%
¿Y cuál es la correcta aquí? Pedro habla catalán y español.
49%
¿Cuál será la correcta? ¡Me eximiré de todo!
33%
¿Cuál crees que es la correcta? Yo satisfaré lo que necesite.
24%
No se encontraron pruebas coincidentes
Distribución de puntuación
Porcentaje de gente con cada puntuación
Porcentaje por número respondido
Historial de tus puntuaciones
No has intentado esta prueba.